• 首页
  • 本馆介绍
  • 公告通知
  • 最新文献
  • 馆藏检索
  • 电子资源
  • 读者导购
  • 参考咨询
  • 我的图书馆
  • 登录
  • 详细信息显示
  • 放入我的书架
  • 预约/预借图书
  • 作者相关作品
  • 分类相关作品
  • 丛书相关作品
  • 出版社相关作品

书目信息

  • 表格格式
  • 工作单格式
  • 卡片格式
书名: Glossary of chemical terms
作者: Clifford A. Hampel and Gessner G. Hawley.
分册号:
分册名:
出版地: New York :
 
出版社: Van Nostrand Reinhold
出版时间: c1976.
页数: vi, 281 p. :
开本: 24 cm.
丛书名:
中图分类号:
科图分类号:
其他分类号: O6:H31
主题词:
电子资源:
000 00811pam 22002650i 4500
001 E0752159056
003 CaOON
005 20070301143040.43
008 030611s1976 nyua d 0001 eng l
010    @a76007443
020    @a0442232381 :@cCNY1.60.
040    @aDLC@beng@cCaOONL
050 00 @aQD5@b.H34
082    @a540/.3
090    @aP410.42/W22
090    @aO6:H31
099    @dO6:H31@ex84
100 1  @aHampel, Clifford A.
245 10 @aGlossary of chemical terms / @cClifford A. Hampel and Gessner G. Hawley.
260    @aNew York :@bVan Nostrand Reinhold,@cc1976.
300    @avi, 281 p. :@bill. ;@c24 cm.
650  0 @aChemistry@vDictionaries.
700 1  @aHawley, Gessner Goodrich,@d1905-
700 1  @aHawley, Gessner G.@q(Gessner Goodrich),@d1905-
920    @a232010@z2
    
    Glossary of chemical terms / / Clifford A. Hampel and Gessner G. Hawley.-New York : : Van Nostrand Reinhold, , c1976.
    vi, 281 p. : : ill. ; ; 24 cm.
    
    
    ISBN 0442232381 :CNY1.60.
    
●
相关链接 在E读中查询图书 在五车中查询图书 在当当中查询图书 在豆瓣中查询图书


正题名:Glossary of chemical terms     索取号:O6:H31/x84         预约/预借

序号 登录号 条形码 馆藏地/架位号 状态 备注
1 000156   300001566   第四借阅区/ [索取号:O6:H31/x84] 在馆    
2 000157   300001575   第四借阅区/ [索取号:O6:H31/x84] 在馆    
3 49494   000636547   第四借阅区/ [索取号:O6:H31/x84] 在馆    
唐山师范学院图书馆 欢迎您!
大连网信软件有限公司© 版权所有